Loading...
| Religion | 0 | 8 | 1 | 1 | 75 | 27 | 80.63 | 1 | 4 |
| History - World History | 0 | 7 | 0 | 1 | 70 | 40 | 78.43 | 3 | 3 |
| Science - Other Science | 0 | 3 | 0 | 1 | 30 | 59 | 97.67 | 0 | 1 |
| Any History | 0 | 3 | 1 | 1 | 25 | 56 | 93.33 | 1 | 1 |
| Literature - World Literature | 0 | 2 | 0 | 0 | 20 | 111 | 120.50 | 0 | 0 |
| Current Events | 0 | 2 | 1 | 1 | 15 | 91 | 111.50 | 0 | 0 |
| Social Science | 0 | 1 | 0 | 0 | 10 | 99 | 99.00 | 0 | 1 |
| History - American History | 0 | 1 | 0 | 1 | 10 | 133 | 133.00 | 0 | 0 |
| History - European History | 0 | 2 | 2 | 0 | 10 | 85 | 86.50 | 0 | 1 |
| Literature - American Literature | 0 | 1 | 0 | 0 | 10 | 139 | 139.00 | 0 | 0 |
| Other Academic | 0 | 1 | 0 | 0 | 10 | 105 | 105.00 | 0 | 0 |
| Geography | 0 | 1 | 1 | 0 | 5 | 16 | 16.00 | 1 | 1 |